[Event "Blitz Women"]
[Site "?"]
[Date "2018.08.03"]
[Round "6.6"]
[White "Hejazipour, Mitra"]
[Black "Vaishali, R"]
[Result "0-1"]
[BlackElo "2296"]
[WhiteElo "2179"]
[LiveChessVersion "1.4.8"]

1. d4 {[%clk 0:03:03]} Nf6 {[%clk 0:03:03]} 2. c4 {[%clk 0:03:03]} e6
{[%clk 0:03:04]} 3. g3 {[%clk 0:03:03]} c5 {[%clk 0:03:01]} 4. Nf3
{[%clk 0:03:04]} cxd4 {[%clk 0:02:59]} 5. Nxd4 {[%clk 0:03:05]} Bb4+
{[%clk 0:02:59]} 6. Bd2 {[%clk 0:03:03]} Bxd2+ {[%clk 0:02:56]} 7. Nxd2
{[%clk 0:03:01]} Nc6 {[%clk 0:02:54]} 8. N4b3 {[%clk 0:02:47]} O-O
{[%clk 0:02:53]} 9. Bg2 {[%clk 0:02:48]} b6 {[%clk 0:02:53]} 10. O-O
{[%clk 0:02:49]} Bb7 {[%clk 0:02:54]} 11. Rc1 {[%clk 0:02:47]} Qe7
{[%clk 0:02:53]} 12. e4 {[%clk 0:02:39]} Rfd8 {[%clk 0:02:46]} 13. Qe2
{[%clk 0:02:40]} e5 {[%clk 0:02:37]} 14. Rfd1 {[%clk 0:02:41]} a5
{[%clk 0:02:38]} 15. Nf3 {[%clk 0:02:26]} a4 {[%clk 0:02:35]} 16. Nbd2
{[%clk 0:02:26]} Ba6 {[%clk 0:01:55]} 17. Qe3 {[%clk 0:02:11]} Qc5
{[%clk 0:01:50]} 18. h3 {[%clk 0:01:53]} d6 {[%clk 0:01:42]} 19. g4
{[%clk 0:01:46]} Qxe3 {[%clk 0:01:35]} 20. fxe3 {[%clk 0:01:47]} Nb4
{[%clk 0:01:35]} 21. a3 {[%clk 0:01:34]} Nd3 {[%clk 0:01:35]} 22. Rc3
{[%clk 0:01:27]} Nc5 {[%clk 0:01:19]} 23. Nh4 {[%clk 0:01:26]} Bb7
{[%clk 0:01:09]} 24. Nf5 {[%clk 0:01:21]} g6 {[%clk 0:00:54]} 25. Ne7+
{[%clk 0:01:21]} Kf8 {[%clk 0:00:51]} 26. Nd5 {[%clk 0:01:22]} Nxd5
{[%clk 0:00:41]} 27. exd5 {[%clk 0:01:23]} Ke7 {[%clk 0:00:42]} 28. Ne4
{[%clk 0:01:19]} f5 {[%clk 0:00:32]} 29. Nf2 {[%clk 0:01:07]} h5 {[%clk 0:00:30]}
30. g5 {[%clk 0:01:01]} h4 {[%clk 0:00:28]} 31. Nd3 {[%clk 0:00:56]} Rh8
{[%clk 0:00:23]} 32. Nb4 {[%clk 0:00:40]} Rh5 {[%clk 0:00:21]} 33. Nc6+
{[%clk 0:00:41]} Kd7 {[%clk 0:00:22]} 34. Kf2 {[%clk 0:00:34]} Rxg5
{[%clk 0:00:21]} 35. Rg1 {[%clk 0:00:27]} Rh8 {[%clk 0:00:14]} 36. Bf3
{[%clk 0:00:26]} Rxg1 {[%clk 0:00:11]} 37. Kxg1 {[%clk 0:00:27]} e4
{[%clk 0:00:12]} 38. Bd1 {[%clk 0:00:25]} Bxc6 {[%clk 0:00:12]} 39. dxc6+
{[%clk 0:00:26]} Kxc6 {[%clk 0:00:13]} 40. Rc2 {[%clk 0:00:23]} Rf8
{[%clk 0:00:11]} 41. Rg2 {[%clk 0:00:24]} Rf6 {[%clk 0:00:12]} 42. Kf1
{[%clk 0:00:24]} b5 {[%clk 0:00:13]} 43. cxb5+ Kxb5 {[%clk 0:00:14]} 44. Ke1
{[%clk 0:00:24]} Nd3+ {[%clk 0:00:15]} 45. Kf1 {[%clk 0:00:24]} d5
{[%clk 0:00:14]} 46. b3 {[%clk 0:00:16]} axb3 {[%clk 0:00:13]} 47. Bxb3
{[%clk 0:00:18]} Rc6 {[%clk 0:00:14]} 48. Rd2 {[%clk 0:00:15]} Rc1+
{[%clk 0:00:13]} 49. Kg2 {[%clk 0:00:17]} Rc3 {[%clk 0:00:11]} 50. Bxd5
{[%clk 0:00:17]} Rxa3 {[%clk 0:00:12]} 51. Bf7 {[%clk 0:00:18]} Ra6
{[%clk 0:00:12]} 52. Rc2 {[%clk 0:00:17]} Ne1+ {[%clk 0:00:12]} 0-1

[Event "Blitz Women"]
[Site "?"]
[Date "2018.08.03"]
[Round "6.7"]
[White "Padmini, Rout"]
[Black "Alinasab, Mobina"]
[Result "1/2-1/2"]
[BlackElo "2059"]
[WhiteElo "2402"]
[LiveChessVersion "1.4.8"]

1. Nf3 {[%clk 0:03:03]} Nf6 {[%clk 0:03:02]} 2. g3 {[%clk 0:03:04]} b6
{[%clk 0:02:59]} 3. Bg2 {[%clk 0:03:04]} Bb7 {[%clk 0:03:00]} 4. O-O
{[%clk 0:03:04]} c5 {[%clk 0:03:01]} 5. d3 {[%clk 0:03:02]} e6 {[%clk 0:03:02]}
6. e4 {[%clk 0:03:03]} d5 {[%clk 0:03:03]} 7. e5 {[%clk 0:03:03]} Nfd7
{[%clk 0:03:04]} 8. Nbd2 {[%clk 0:03:03]} Nc6 {[%clk 0:03:05]} 9. Re1
{[%clk 0:03:04]} Qc7 {[%clk 0:03:06]} 10. Qe2 {[%clk 0:03:00]} h6
{[%clk 0:03:07]} 11. h4 {[%clk 0:02:57]} g5 {[%clk 0:03:08]} 12. hxg5
{[%clk 0:02:54]} hxg5 {[%clk 0:03:09]} 13. Nxg5 {[%clk 0:02:54]} Qxe5
{[%clk 0:03:10]} 14. Qxe5 {[%clk 0:02:44]} Ndxe5 {[%clk 0:02:40]} 15. f4
{[%clk 0:02:36]} Be7 {[%clk 0:02:40]} 16. Ndf3 {[%clk 0:02:17]} Nxf3+
{[%clk 0:02:39]} 17. Nxf3 {[%clk 0:02:17]} Kd7 {[%clk 0:02:19]} 18. Kf2
{[%clk 0:02:09]} f6 {[%clk 0:02:11]} 19. Bd2 {[%clk 0:02:07]} Bd6
{[%clk 0:02:07]} 20. Rh1 {[%clk 0:02:08]} e5 {[%clk 0:01:38]} 21. c3
{[%clk 0:02:03]} Ba6 {[%clk 0:01:32]} 22. Nh4 {[%clk 0:01:50]} Ne7
{[%clk 0:01:27]} 23. Bf1 {[%clk 0:01:10]} Rag8 {[%clk 0:01:19]} 24. Be2
{[%clk 0:01:10]} Bb7 {[%clk 0:01:08]} 25. Bf3 {[%clk 0:01:05]} Ba6
{[%clk 0:01:06]} 26. Be2 {[%clk 0:01:06]} Bb7 {[%clk 0:01:05]} 27. Ng2
{[%clk 0:00:57]} d4 {[%clk 0:00:41]} 28. Bf3 {[%clk 0:00:56]} Bxf3
{[%clk 0:00:36]} 29. Kxf3 {[%clk 0:00:57]} b5 {[%clk 0:00:27]} 30. g4
{[%clk 0:00:47]} f5 {[%clk 0:00:11]} 31. gxf5 {[%clk 0:00:27]} Nxf5
{[%clk 0:00:09]} 32. Rxh8 {[%clk 0:00:27]} Rxh8 {[%clk 0:00:10]} 33. fxe5
{[%clk 0:00:26]} Bxe5 {[%clk 0:00:10]} 34. Ke4 {[%clk 0:00:26]} Ke6
{[%clk 0:00:10]} 35. Nf4+ {[%clk 0:00:25]} Bxf4 {[%clk 0:00:09]} 36. Bxf4
{[%clk 0:00:26]} dxc3 {[%clk 0:00:06]} 37. bxc3 {[%clk 0:00:27]} Nd6+
{[%clk 0:00:07]} 38. Bxd6 Kxd6 {[%clk 0:00:09]} 39. Rg1 {[%clk 0:00:17]} Rh4+
{[%clk 0:00:10]} 40. Ke3 {[%clk 0:00:18]} Rh3+ {[%clk 0:00:08]} 41. Ke4
{[%clk 0:00:19]} Rh4+ {[%clk 0:00:10]} 42. Ke3 {[%clk 0:00:20]} Ra4
{[%clk 0:00:05]} 43. Rg2 {[%clk 0:00:20]} Ra3 {[%clk 0:00:04]} 44. Rc2
{[%clk 0:00:21]} Kd5 {[%clk 0:00:05]} 45. Kd2 {[%clk 0:00:14]} Ra6
{[%clk 0:00:06]} 46. Kc1 {[%clk 0:00:08]} Rg6 {[%clk 0:00:05]} 47. Rh2
{[%clk 0:00:08]} Rg5 {[%clk 0:00:05]} 48. Kc2 {[%clk 0:00:09]} a5
{[%clk 0:00:06]} 49. Rf2 {[%clk 0:00:07]} Re5 {[%clk 0:00:05]} 50. Rh2
{[%clk 0:00:08]} Rg5 {[%clk 0:00:06]} 51. Rf2 {[%clk 0:00:09]} a4
{[%clk 0:00:07]} 52. a3 {[%clk 0:00:09]} Re5 {[%clk 0:00:08]} 53. Rh2
{[%clk 0:00:09]} Re6 {[%clk 0:00:07]} 54. Rh5+ {[%clk 0:00:10]} Kc6
{[%clk 0:00:09]} 55. Rh2 {[%clk 0:00:11]} Rf6 {[%clk 0:00:10]} 56. Rg2
{[%clk 0:00:11]} Re6 {[%clk 0:00:11]} 57. Rh2 {[%clk 0:00:12]} Kb6
{[%clk 0:00:11]} 58. Rg2 {[%clk 0:00:13]} Rd6 {[%clk 0:00:12]} 59. Rh2
{[%clk 0:00:14]} Rf6 {[%clk 0:00:12]} 60. Rg2 {[%clk 0:00:14]} Ka5
{[%clk 0:00:11]} 61. Rh2 {[%clk 0:00:15]} Rc6 {[%clk 0:00:11]} 62. Rg2
{[%clk 0:00:15]} Rf6 {[%clk 0:00:07]} 63. Rh2 {[%clk 0:00:15]} Rc6
{[%clk 0:00:07]} 64. Rh5 {[%clk 0:00:16]} Kb6 {[%clk 0:00:07]} 65. Rh2
{[%clk 0:00:14]} Rg6 {[%clk 0:00:06]} 66. Rf2 {[%clk 0:00:15]} Rg4
{[%clk 0:00:06]} 67. Rh2 {[%clk 0:00:15]} Rg6 {[%clk 0:00:07]} 68. Rf2
{[%clk 0:00:16]} Re6 {[%clk 0:00:08]} 69. Rg2 {[%clk 0:00:17]} Rd6
{[%clk 0:00:09]} 70. Rf2 {[%clk 0:00:18]} Ka5 {[%clk 0:00:06]} 71. Rh2
{[%clk 0:00:19]} Rc6 {[%clk 0:00:07]} 72. Rh5 {[%clk 0:00:19]} Kb6
{[%clk 0:00:08]} 73. Rh2 {[%clk 0:00:20]} Rf6 {[%clk 0:00:06]} 74. Rg2
{[%clk 0:00:21]} Rc6 {[%clk 0:00:07]} 75. Rh2 {[%clk 0:00:22]} b4
{[%clk 0:00:05]} 76. cxb4 {[%clk 0:00:09]} cxb4+ {[%clk 0:00:06]} 77. Kb2
{[%clk 0:00:10]} bxa3+ {[%clk 0:00:05]} 78. Kxa3 {[%clk 0:00:11]} Rc3+
{[%clk 0:00:06]} 79. Kxa4 {[%clk 0:00:11]} Rxd3 {[%clk 0:00:07]} 1/2-1/2

[Event "Blitz Women"]
[Site "?"]
[Date "2018.08.03"]
[Round "6.8"]
[White "Hamedi Nia, Vesal"]
[Black "Aakanksha, Hagawane"]
[Result "0-1"]
[BlackElo "2031"]
[WhiteElo "1989"]
[LiveChessVersion "1.4.8"]

1. d4 {[%clk 0:03:03]} Nf6 {[%clk 0:03:03]} 2. Nf3 {[%clk 0:03:04]} g6
{[%clk 0:03:04]} 3. Bg5 {[%clk 0:03:05]} d5 {[%clk 0:03:04]} 4. e3
{[%clk 0:03:03]} Bg7 {[%clk 0:03:05]} 5. c4 {[%clk 0:03:02]} O-O {[%clk 0:02:51]}
6. Nc3 {[%clk 0:03:03]} dxc4 {[%clk 0:02:48]} 7. Bxc4 {[%clk 0:03:03]} c5
{[%clk 0:02:48]} 8. O-O {[%clk 0:02:54]} cxd4 {[%clk 0:02:46]} 9. Nxd4
{[%clk 0:02:54]} Nbd7 {[%clk 0:02:45]} 10. h3 {[%clk 0:02:46]} Qb6
{[%clk 0:02:36]} 11. Qe2 {[%clk 0:02:44]} h6 {[%clk 0:02:31]} 12. Bh4
{[%clk 0:02:44]} Ne5 {[%clk 0:02:27]} 13. Bb3 {[%clk 0:02:41]} g5
{[%clk 0:01:58]} 14. Bg3 {[%clk 0:02:42]} Ng6 {[%clk 0:01:59]} 15. Bc2
{[%clk 0:02:36]} Bd7 {[%clk 0:01:41]} 16. Rab1 {[%clk 0:02:01]} Rac8
{[%clk 0:01:39]} 17. Rfd1 {[%clk 0:01:59]} Rfd8 {[%clk 0:01:18]} 18. Bd3
{[%clk 0:01:48]} a6 {[%clk 0:01:04]} 19. Nf5 {[%clk 0:01:38]} Bxf5 20. Bxf5
{[%clk 0:01:39]} Qa5 {[%clk 0:00:32]} 21. Bxc8 {[%clk 0:01:38]} Rxc8
{[%clk 0:00:33]} 22. Qf3 {[%clk 0:01:20]} b5 {[%clk 0:00:33]} 23. a3
{[%clk 0:01:18]} Qb6 {[%clk 0:00:27]} 24. e4 {[%clk 0:01:05]} b4 {[%clk 0:00:12]}
25. axb4 {[%clk 0:01:03]} Qxb4 {[%clk 0:00:13]} 26. e5 {[%clk 0:00:56]} Ne8
{[%clk 0:00:07]} 27. Nd5 {[%clk 0:00:48]} Qb5 {[%clk 0:00:09]} 28. Qe4
{[%clk 0:00:40]} e6 {[%clk 0:00:07]} 29. Nc3 {[%clk 0:00:36]} Qb6
{[%clk 0:00:07]} 30. Rd7 {[%clk 0:00:23]} Qc5 {[%clk 0:00:04]} 31. Qb7
{[%clk 0:00:21]} Nxe5 {[%clk 0:00:04]} 32. Bxe5 {[%clk 0:00:14]} Bxe5
{[%clk 0:00:05]} 33. Rxf7 {[%clk 0:00:13]} Nd6 {[%clk 0:00:06]} 34. Qa7
{[%clk 0:00:07]} Nxf7 {[%clk 0:00:07]} 35. Qxa6 {[%clk 0:00:08]} Rf8
{[%clk 0:00:07]} 36. Ne4 {[%clk 0:00:08]} Qd4 {[%clk 0:00:08]} 37. Qb7
{[%clk 0:00:06]} Nd8 {[%clk 0:00:09]} 38. Qa8 {[%clk 0:00:06]} Qd5
{[%clk 0:00:10]} 39. Qa4 {[%clk 0:00:05]} Nc6 {[%clk 0:00:11]} 40. Rd1
{[%clk 0:00:05]} Nd4 {[%clk 0:00:12]} 41. Nc3 {[%clk 0:00:05]} Qc5
{[%clk 0:00:13]} 42. Qa2 {[%clk 0:00:05]} Kg7 {[%clk 0:00:12]} 43. Rf1
{[%clk 0:00:04]} Rf7 {[%clk 0:00:13]} 44. Ne4 {[%clk 0:00:06]} Qd5
{[%clk 0:00:14]} 45. Qb1 {[%clk 0:00:07]} Nf5 {[%clk 0:00:14]} 46. Qc2
{[%clk 0:00:06]} Bd4 {[%clk 0:00:15]} 47. Qe2 {[%clk 0:00:06]} Qe5
{[%clk 0:00:15]} 48. Qd3 {[%clk 0:00:07]} Nh4 {[%clk 0:00:16]} 49. Ng3
{[%clk 0:00:07]} Ng6 {[%clk 0:00:15]} 50. Nh5+ {[%clk 0:00:08]} Kh7
{[%clk 0:00:15]} 51. Qc2 {[%clk 0:00:04]} Bxb2 {[%clk 0:00:15]} 52. Qd3
{[%clk 0:00:06]} Bd4 {[%clk 0:00:16]} 53. Ng3 {[%clk 0:00:05]} Bc5
{[%clk 0:00:15]} 54. Ne4 {[%clk 0:00:06]} Ba7 {[%clk 0:00:16]} 55. Ng3
{[%clk 0:00:05]} Qd5 {[%clk 0:00:16]} 56. Qc2 {[%clk 0:00:05]} Qd4
{[%clk 0:00:16]} 57. Ne4 {[%clk 0:00:04]} Kg7 {[%clk 0:00:15]} 58. Kh1
{[%clk 0:00:04]} Nf4 {[%clk 0:00:16]} 59. Ng3 {[%clk 0:00:04]} Qd5
{[%clk 0:00:17]} 60. f3 {[%clk 0:00:04]} Qe5 {[%clk 0:00:17]} 61. Ne4
{[%clk 0:00:05]} Nh5 {[%clk 0:00:18]} 62. Qd2 {[%clk 0:00:03]} Qxe4
{[%clk 0:01:10]} 63. fxe4 {[%clk 0:00:04]} Rxf1+ 64. Kh2 Bg1+ 65. Kh1 Ng3#
{[%clk 0:01:13]} 0-1

[Event "Blitz Women"]
[Site "?"]
[Date "2018.08.03"]
[Round "7.1"]
[White "Abdumalik, Zhansaya"]
[Black "Lei, Tingjie"]
[Result "0-1"]
[BlackElo "2468"]
[WhiteElo "2401"]
[LiveChessVersion "1.4.8"]

1. e4 {[%clk 0:03:03]} e5 {[%clk 0:03:03]} 2. Nf3 {[%clk 0:03:04]} Nc6
{[%clk 0:03:03]} 3. Bb5 {[%clk 0:03:05]} g6 {[%clk 0:03:01]} 4. d4
{[%clk 0:03:02]} exd4 {[%clk 0:02:58]} 5. Bg5 {[%clk 0:02:59]} f6
{[%clk 0:02:32]} 6. Bh4 {[%clk 0:02:48]} Bc5 {[%clk 0:02:20]} 7. Nbd2
{[%clk 0:02:38]} a6 {[%clk 0:02:20]} 8. Bxc6 {[%clk 0:02:25]} dxc6
{[%clk 0:02:20]} 9. O-O {[%clk 0:02:26]} Be6 {[%clk 0:02:14]} 10. Qe2
{[%clk 0:02:18]} g5 {[%clk 0:02:07]} 11. Bg3 {[%clk 0:02:17]} h5 {[%clk 0:02:08]}
12. h4 {[%clk 0:02:12]} g4 {[%clk 0:02:09]} 13. Ne1 {[%clk 0:02:10]} Qd7
{[%clk 0:01:49]} 14. Nd3 {[%clk 0:02:08]} Ba7 {[%clk 0:01:49]} 15. b4
{[%clk 0:01:51]} Ne7 {[%clk 0:01:43]} 16. a4 {[%clk 0:01:36]} Ng6
{[%clk 0:01:34]} 17. Rab1 {[%clk 0:01:34]} O-O-O {[%clk 0:01:08]} 18. Rfd1
{[%clk 0:01:28]} f5 {[%clk 0:01:00]} 19. e5 {[%clk 0:01:08]} Rhf8
{[%clk 0:00:48]} 20. f4 {[%clk 0:01:09]} gxf3 {[%clk 0:00:46]} 21. Nxf3
{[%clk 0:01:08]} f4 {[%clk 0:00:47]} 22. Bf2 {[%clk 0:01:09]} Bg4
{[%clk 0:00:42]} 23. Re1 {[%clk 0:01:05]} Rde8 {[%clk 0:00:34]} 24. b5
{[%clk 0:00:47]} cxb5 {[%clk 0:00:25]} 25. axb5 {[%clk 0:00:49]} a5
{[%clk 0:00:26]} 26. Rb3 {[%clk 0:00:39]} Bb6 {[%clk 0:00:26]} 27. Qe4
{[%clk 0:00:32]} Bf5 {[%clk 0:00:25]} 28. Qe2 {[%clk 0:00:33]} Be6
{[%clk 0:00:19]} 29. Rbb1 {[%clk 0:00:24]} Bc4 {[%clk 0:00:17]} 30. Qe4
{[%clk 0:00:23]} Rg8 {[%clk 0:00:15]} 31. Bxd4 {[%clk 0:00:18]} Bxd4+
{[%clk 0:00:09]} 32. Qxd4 {[%clk 0:00:18]} Qxd4+ 33. Nxd4 {[%clk 0:00:19]} Nxh4
{[%clk 0:00:09]} 34. Nxf4 {[%clk 0:00:09]} Rg4 {[%clk 0:00:11]} 35. Nde2
{[%clk 0:00:06]} Bxe2 {[%clk 0:00:10]} 36. Nxe2 {[%clk 0:00:06]} Nf3+
{[%clk 0:00:12]} 37. Kf2 {[%clk 0:00:07]} Nxe1 38. Rxe1 {[%clk 0:00:08]} Rxe5
{[%clk 0:00:14]} 39. Rh1 {[%clk 0:00:08]} Rf5+ {[%clk 0:00:14]} 40. Kg1
{[%clk 0:00:06]} Rxb5 {[%clk 0:00:15]} 41. Rh3 {[%clk 0:00:06]} Rbg5
{[%clk 0:00:16]} 42. g3 {[%clk 0:00:04]} a4 {[%clk 0:00:17]} 43. Kf2
{[%clk 0:00:05]} Rf5+ {[%clk 0:00:18]} 44. Ke3 {[%clk 0:00:04]} Re5+
{[%clk 0:00:18]} 45. Kd3 {[%clk 0:00:05]} a3 {[%clk 0:00:19]} 46. Rh1
{[%clk 0:00:06]} b5 {[%clk 0:00:19]} 47. c3 {[%clk 0:00:07]} c5 {[%clk 0:00:17]}
48. Rb1 {[%clk 0:00:07]} Kc7 {[%clk 0:00:17]} 49. Ra1 {[%clk 0:00:07]} b4
{[%clk 0:00:17]} 50. Rb1 {[%clk 0:00:08]} a2 {[%clk 0:00:17]} 51. Rf1
{[%clk 0:00:07]} c4+ {[%clk 0:00:16]} 52. Kd2 {[%clk 0:00:07]} Rxe2+
{[%clk 0:00:17]} 53. Kxe2 {[%clk 0:00:08]} b3 {[%clk 0:00:18]} 0-1

[Event "Blitz Women"]
[Site "?"]
[Date "2018.08.03"]
[Round "7.2"]
[White "Wang, Jue"]
[Black "Saduakassova, Dinara"]
[Result "1-0"]
[BlackElo "2360"]
[WhiteElo "2373"]
[LiveChessVersion "1.4.8"]

1. e4 {[%clk 0:03:02]} c5 {[%clk 0:03:04]} 2. Nc3 {[%clk 0:03:03]} Nc6
{[%clk 0:03:04]} 3. Nf3 {[%clk 0:03:03]} e6 {[%clk 0:03:05]} 4. d4
{[%clk 0:03:04]} cxd4 {[%clk 0:03:06]} 5. Nxd4 {[%clk 0:03:05]} Qc7
{[%clk 0:03:08]} 6. Be3 {[%clk 0:03:06]} a6 {[%clk 0:03:09]} 7. Qd2
{[%clk 0:03:07]} Be7 {[%clk 0:03:09]} 8. O-O-O {[%clk 0:03:06]} Nf6
{[%clk 0:03:11]} 9. f3 {[%clk 0:03:07]} b5 {[%clk 0:03:11]} 10. Kb1
{[%clk 0:03:08]} Ne5 {[%clk 0:03:03]} 11. g4 {[%clk 0:03:05]} b4 {[%clk 0:02:58]}
12. Na4 {[%clk 0:03:04]} d6 {[%clk 0:02:48]} 13. g5 {[%clk 0:02:35]} Nfd7
{[%clk 0:02:43]} 14. f4 {[%clk 0:02:32]} Nc4 {[%clk 0:02:40]} 15. Bxc4
{[%clk 0:02:33]} Qxc4 {[%clk 0:02:41]} 16. f5 {[%clk 0:02:00]} e5
{[%clk 0:02:34]} 17. b3 {[%clk 0:01:54]} Qc7 {[%clk 0:02:33]} 18. Ne2
{[%clk 0:01:53]} Bb7 {[%clk 0:02:28]} 19. Ng3 {[%clk 0:01:55]} Rc8
{[%clk 0:02:04]} 20. Nb2 {[%clk 0:01:21]} a5 {[%clk 0:01:52]} 21. Nc4
{[%clk 0:01:19]} Ba6 {[%clk 0:01:51]} 22. Nb2 {[%clk 0:00:52]} Nc5
{[%clk 0:01:43]} 23. h4 {[%clk 0:00:45]} Bb7 {[%clk 0:01:32]} 24. Bxc5
{[%clk 0:00:42]} Qxc5 {[%clk 0:01:30]} 25. Rhe1 {[%clk 0:00:32]} Qc3
{[%clk 0:01:20]} 26. Nh5 {[%clk 0:00:33]} Qxd2 {[%clk 0:01:08]} 27. Rxd2
{[%clk 0:00:34]} g6 {[%clk 0:01:09]} 28. Ng3 {[%clk 0:00:31]} Rc3
{[%clk 0:01:06]} 29. Rg1 {[%clk 0:00:27]} Ba6 {[%clk 0:00:39]} 30. f6
{[%clk 0:00:25]} Bf8 {[%clk 0:00:40]} 31. Na4 {[%clk 0:00:18]} Rc6
{[%clk 0:00:41]} 32. Rd5 {[%clk 0:00:19]} h6 {[%clk 0:00:40]} 33. Rh1
{[%clk 0:00:06]} hxg5 {[%clk 0:00:40]} 34. hxg5 {[%clk 0:00:07]} Rxh1+
{[%clk 0:00:40]} 35. Nxh1 {[%clk 0:00:08]} Kd7 {[%clk 0:00:36]} 36. Nf2
{[%clk 0:00:07]} Ke6 {[%clk 0:00:33]} 37. Rxa5 {[%clk 0:00:07]} Kd7
{[%clk 0:00:29]} 38. Rd5 {[%clk 0:00:08]} Bb7 {[%clk 0:00:29]} 39. Rd1
{[%clk 0:00:08]} Rc7 {[%clk 0:00:25]} 40. Nb6+ {[%clk 0:00:05]} Ke6
{[%clk 0:00:26]} 41. Nd5 {[%clk 0:00:05]} Bxd5 {[%clk 0:00:23]} 42. Rxd5
{[%clk 0:00:06]} Rc3 {[%clk 0:00:23]} 43. Nd3 {[%clk 0:00:07]} Kd7
{[%clk 0:00:19]} 44. Rb5 {[%clk 0:00:07]} Kc6 {[%clk 0:00:18]} 45. Rxb4
{[%clk 0:00:04]} d5 {[%clk 0:00:20]} 46. exd5+ {[%clk 0:00:05]} Kxd5 47. Rb5+ Ke4
{[%clk 0:00:15]} 48. Rxe5+ {[%clk 0:00:07]} Kf3 {[%clk 0:00:16]} 49. Re8
{[%clk 0:00:08]} Ba3 {[%clk 0:00:17]} 50. b4 {[%clk 0:00:04]} Rc4
{[%clk 0:00:16]} 51. b5 {[%clk 0:00:05]} Rh4 {[%clk 0:00:16]} 52. Ne5+
{[%clk 0:00:05]} Kg3 {[%clk 0:00:16]} 53. c4 {[%clk 0:00:05]} Rh2
{[%clk 0:00:17]} 54. Nd3 {[%clk 0:00:05]} Rd2 {[%clk 0:00:17]} 55. Re3+
{[%clk 0:00:05]} Kh4 {[%clk 0:00:18]} 56. Nc1 {[%clk 0:00:04]} Rb2+
{[%clk 0:00:18]} 57. Ka1 {[%clk 0:00:06]} Rc2 {[%clk 0:00:15]} 58. Rxa3
{[%clk 0:00:07]} Rxc1+ {[%clk 0:00:16]} 59. Kb2 {[%clk 0:00:08]} Rxc4
{[%clk 0:00:18]} 60. b6 {[%clk 0:00:10]} Rc8 {[%clk 0:00:18]} 61. Ra5
{[%clk 0:00:09]} Rb8 {[%clk 0:00:19]} 62. Rb5 1-0

[Event "Blitz Women"]
[Site "?"]
[Date "2018.08.03"]
[Round "7.3"]
[White "Nakhbayeva, Guliskhan"]
[Black "Guo, Qi"]
[Result "1-0"]
[BlackElo "2362"]
[WhiteElo "2268"]
[LiveChessVersion "1.4.8"]

1. d4 {[%clk 0:03:03]} e6 {[%clk 0:03:03]} 2. c4 {[%clk 0:03:04]} Nf6
{[%clk 0:03:04]} 3. Nc3 {[%clk 0:03:05]} Bb4 {[%clk 0:03:04]} 4. e3
{[%clk 0:03:05]} O-O {[%clk 0:03:04]} 5. Bd3 {[%clk 0:03:06]} d5 {[%clk 0:03:05]}
6. cxd5 {[%clk 0:03:07]} exd5 {[%clk 0:03:04]} 7. Nge2 {[%clk 0:03:08]} c6
{[%clk 0:03:03]} 8. O-O {[%clk 0:03:08]} Re8 {[%clk 0:03:03]} 9. a3
{[%clk 0:03:09]} Bd6 {[%clk 0:03:04]} 10. b4 {[%clk 0:03:04]} a6 {[%clk 0:02:59]}
11. Rb1 {[%clk 0:03:04]} Nbd7 {[%clk 0:02:59]} 12. f3 {[%clk 0:02:59]} Nf8
{[%clk 0:02:24]} 13. e4 {[%clk 0:02:56]} dxe4 {[%clk 0:02:09]} 14. fxe4
{[%clk 0:02:57]} Bc7 {[%clk 0:02:06]} 15. e5 {[%clk 0:02:29]} Nd5
{[%clk 0:02:04]} 16. Ne4 {[%clk 0:02:26]} h6 {[%clk 0:01:59]} 17. Qe1
{[%clk 0:02:26]} Qd7 {[%clk 0:01:29]} 18. h3 {[%clk 0:02:19]} Kh8
{[%clk 0:01:19]} 19. Qh4 {[%clk 0:01:25]} Bd8 {[%clk 0:00:53]} 20. Qh5
{[%clk 0:01:18]} f5 {[%clk 0:00:41]} 21. Nc5 {[%clk 0:01:00]} Qe7
{[%clk 0:00:28]} 22. Bxf5 {[%clk 0:01:00]} Bxf5 {[%clk 0:00:17]} 23. Rxf5
{[%clk 0:01:01]} Qh4 {[%clk 0:00:16]} 24. Qxe8 {[%clk 0:00:57]} 1-0

[Event "Blitz Women"]
[Site "?"]
[Date "2018.08.03"]
[Round "7.4"]
[White "Zhai, Mo"]
[Black "Dauletova, Gulmira"]
[Result "0-1"]
[BlackElo "2204"]
[WhiteElo "2325"]
[LiveChessVersion "1.4.8"]

1. d4 {[%clk 0:03:02]} Nf6 {[%clk 0:03:04]} 2. c4 {[%clk 0:03:03]} e6
{[%clk 0:03:05]} 3. Nf3 {[%clk 0:03:03]} d5 {[%clk 0:03:06]} 4. Nc3
{[%clk 0:03:03]} dxc4 {[%clk 0:03:06]} 5. e3 {[%clk 0:02:57]} a6 {[%clk 0:03:06]}
6. Bxc4 {[%clk 0:02:58]} b5 {[%clk 0:03:05]} 7. Bd3 {[%clk 0:02:57]} Bb7
{[%clk 0:03:06]} 8. a3 {[%clk 0:02:49]} Nbd7 {[%clk 0:03:07]} 9. b4
{[%clk 0:02:47]} Bd6 {[%clk 0:03:01]} 10. O-O {[%clk 0:02:46]} O-O
{[%clk 0:03:01]} 11. e4 {[%clk 0:02:37]} e5 {[%clk 0:03:02]} 12. d5
{[%clk 0:02:32]} h6 13. Bb2 {[%clk 0:02:30]} Nb6 {[%clk 0:02:43]} 14. Ne2
{[%clk 0:02:24]} Re8 {[%clk 0:02:43]} 15. Rc1 {[%clk 0:02:21]} Rc8
{[%clk 0:02:37]} 16. Ng3 {[%clk 0:02:14]} c6 {[%clk 0:02:29]} 17. dxc6
{[%clk 0:02:14]} Bxc6 {[%clk 0:02:28]} 18. Re1 {[%clk 0:02:15]} Bb7
{[%clk 0:02:14]} 19. Nf5 {[%clk 0:02:13]} Bb8 {[%clk 0:02:11]} 20. Qe2
{[%clk 0:01:59]} Kh7 {[%clk 0:01:28]} 21. Red1 {[%clk 0:01:49]} Rxc1
{[%clk 0:01:26]} 22. Bxc1 {[%clk 0:01:47]} Qc8 {[%clk 0:01:22]} 23. Bxh6
{[%clk 0:01:37]} g6 {[%clk 0:00:39]} 24. Bg5 {[%clk 0:01:38]} Nh5
{[%clk 0:00:33]} 25. Rc1 {[%clk 0:01:18]} Qe6 {[%clk 0:00:33]} 26. Be3
{[%clk 0:01:15]} Qb3 {[%clk 0:00:26]} 27. Ng5+ {[%clk 0:01:07]} Kg8
{[%clk 0:00:27]} 28. Nh6+ {[%clk 0:01:03]} Kg7 {[%clk 0:00:28]} 29. Nhxf7
{[%clk 0:00:56]} Nf4 {[%clk 0:00:28]} 30. Bxf4 {[%clk 0:00:54]} exf4
{[%clk 0:00:29]} 31. e5 {[%clk 0:00:47]} Bd5 {[%clk 0:00:16]} 32. e6
{[%clk 0:00:26]} Bxe6 {[%clk 0:00:17]} 33. Bc2 {[%clk 0:00:22]} Qa2
{[%clk 0:00:18]} 34. Qd3 {[%clk 0:00:12]} Bxf7 {[%clk 0:00:18]} 35. Qd4+
{[%clk 0:00:13]} Be5 {[%clk 0:00:12]} 36. Qxb6 {[%clk 0:00:13]} Qb2
{[%clk 0:00:13]} 37. Rf1 {[%clk 0:00:05]} Qxc2 38. Qb7 {[%clk 0:00:05]} Qf5
{[%clk 0:00:15]} 39. Nf3 {[%clk 0:00:04]} Qf6 {[%clk 0:00:12]} 40. Re1
{[%clk 0:00:05]} Re7 {[%clk 0:00:09]} 41. Qc8 {[%clk 0:00:04]} Bb2
{[%clk 0:00:07]} 42. Rf1 {[%clk 0:00:04]} Bd4 {[%clk 0:00:06]} 43. h3
{[%clk 0:00:05]} Re2 {[%clk 0:00:06]} 44. Qd7 {[%clk 0:00:05]} Bc3
{[%clk 0:00:06]} 45. Qd3 {[%clk 0:00:06]} Re7 {[%clk 0:00:06]} 46. Kh2
{[%clk 0:00:04]} Bb2 {[%clk 0:00:04]} 47. Qd2 {[%clk 0:00:03]} Bc4
{[%clk 0:00:05]} 48. Rd1 {[%clk 0:00:03]} Bc3 {[%clk 0:00:06]} 49. Qc2
{[%clk 0:00:04]} Bb2 {[%clk 0:00:05]} 50. Rd2 {[%clk 0:00:04]} Ba1
{[%clk 0:00:06]} 51. Nd4 {[%clk 0:00:05]} Bxd4 {[%clk 0:00:07]} 0-1